Estadisticas de la deuda del sector publico : Guia para compiladores y usuarios.

La crisis financiera mundial de los ultimos anos y los consiguientes deficits fiscales fuertes y niveles de deuda elevados que han afectado a muchos paises destacan la importancia de las estadisticas publicas fiables y puntuales, y, mas en general, de la deuda del sector publico como aspecto esencia...

Full description

Bibliographic Details
Corporate Author: International Monetary Fund
Format: Journal
Language:English
Published: Washington, D.C. : International Monetary Fund, 2013.
Series:Manuals and Guides
Online Access:Full text available on IMF
LEADER 02659cas a2200253 a 4500
001 AALejournalIMF021997
008 230101c9999 xx r poo 0 0eng d
020 |c 30.00 USD 
020 |z 9781484327760 
022 |a 2663-3760 
040 |a BD-DhAAL  |c BD-DhAAL 
110 2 |a International Monetary Fund. 
240 1 0 |a Estadisticas de la deuda del sector publico: Guia para compiladores y usuarios.  |l Spanish 
245 1 0 |a Estadisticas de la deuda del sector publico :   |b Guia para compiladores y usuarios. 
264 1 |a Washington, D.C. :  |b International Monetary Fund,  |c 2013. 
300 |a 1 online resource (243 pages) 
490 1 |a Manuals and Guides 
500 |a <strong>Off-Campus Access:</strong> No User ID or Password Required 
500 |a <strong>On-Campus Access:</strong> No User ID or Password Required 
506 |a Electronic access restricted to authorized BRAC University faculty, staff and students 
520 3 |a La crisis financiera mundial de los ultimos anos y los consiguientes deficits fiscales fuertes y niveles de deuda elevados que han afectado a muchos paises destacan la importancia de las estadisticas publicas fiables y puntuales, y, mas en general, de la deuda del sector publico como aspecto esencial de la sostenibilidad fiscal y externa de los paises. Estadisticas de la deuda del sector publico: Guia para compiladores y usuarios es la primera guia internacional de su tipo, y tiene como objetivos principales mejorar la calidad y puntualidad de las estadisticas clave de la deuda y facilitar la convergencia de las practicas de registro para promover la comparabilidad internacional, y, por otro lado, ser un documento de referencia para los compiladores nacionales y los usuarios en lo que se refiere a la compilacion y divulgacion de los datos. Al igual que otras guias estadisticas publicadas por el FMI, la presente guia fue preparada en consulta con paises e instituciones internacionales, entre ellas las nueve organizaciones del Grupo de tareas interinstitucional sobre estadisticas financieras (GTIEF). La preparacion de la guia se baso en la vasta y diversa experiencia de nuestras instituciones y se enriquecio en consultas con compiladores nacionales de estadisticas de finanzas publicas y deuda del sector publico. Los conceptos de la Guia estan armonizados con los del Sistema de Cuentas Nacionales (2008) y la sexta edicion del Manual de Balanza de Pagos y Posicion de Inversion Internacional. 
538 |a Mode of access: Internet 
830 0 |a Manuals and Guides 
856 4 0 |z Full text available on IMF  |u http://elibrary.imf.org/view/books/069/11874-9781484327760-es/11874-9781484327760-es-book.xml  |z IMF e-Library